Obce v Jihočeském kraji - Statistics

General Stats
  • This quiz has been taken 33 times
  • The average score is 96 of 624
Answer Stats
Obec Počet obyvatel % Correct
České Budějovice 94 229
100%
Písek 30 379
100%
Prachatice 10 706
100%
Tábor 34 119
100%
Třeboň 8 150
100%
Český Krumlov 12 788
94%
Strakonice 22 428
94%
Jindřichův Hradec 21 169
89%
Týn nad Vltavou 7 887
89%
Vodňany 6 995
89%
Hluboká nad Vltavou 5 451
83%
Sezimovo Ústí 7 176
83%
Kaplice 7 241
78%
Soběslav 6 928
78%
Vimperk 7 400
78%
Blatná 6 543
72%
Dačice 7 192
72%
Milevsko 8 185
72%
Nové Hrady 2 512
72%
Bechyně 4 965
67%
Frymburk 1 321
61%
Horní Planá 2 079
61%
Veselí nad Lužnicí 6 334
61%
Volary 3 738
61%
Volyně 3 000
61%
Bavorov 1 642
56%
České Velenice 3 522
56%
Kardašova Řečice 2 232
56%
Lipno nad Vltavou 656
56%
Majdalena 504
56%
Netolice 2 559
56%
Rožmberk nad Vltavou 377
56%
Slavonice 2 343
56%
Trhové Sviny 5 279
56%
Val 253
56%
Vyšší Brod 2 621
56%
Chlum 202
50%
Dolní Dvořiště 1 388
50%
Kunžak 1 473
50%
Mirotice 1 237
50%
Mirovice 1 624
50%
Nová Bystřice 3 244
50%
Protivín 4 760
50%
Putim 543
50%
Borovany 210 | 4 166
44%
Chlum u Třeboně 1 918
44%
Chýnov 2 472
44%
Horní Dvořiště 454
44%
Kvilda 143
44%
Lišov 4 503
44%
Lom 123 | 183
44%
Nová Včelnice 2 269
44%
Planá 269
44%
Rudolfov 2 572
44%
Suchdol nad Lužnicí 3 548
44%
Velešín 3 878
44%
Větřní 3 824
44%
Zliv 3 537
44%
Černá v Pošumaví 824
39%
Kamenný Újezd 2 486
39%
Křemže 2 931
39%
Lenora 715
39%
Římov 942
39%
Stráž nad Nežárkou 873
39%
Temelín 840
39%
Včelná 2 275
39%
Zlatá Koruna 796
39%
Boletice 0
33%
Čimelice 973
33%
Dívčice 560
33%
Horní Vltavice 356
33%
Hoštice 151
33%
Kubova Huť 96
33%
Ledenice 2 474
33%
Litvínovice 2 613
33%
Lomnice nad Lužnicí 1 800
33%
Mladá Vožice 2 709
33%
Nová Pec 429
33%
Nová Ves 94 | 411 | 779
33%
Planá nad Lužnicí 4 305
33%
Ražice 386
33%
Sedlec 524
33%
Staňkov 208
33%
Staré Město pod Landštejnem 445
33%
Strmilov 1 448
33%
Holubov 1 099
28%
Hrdějovice 1 558
28%
Husinec 1 439
28%
Lety 285
28%
Loučovice 1 559
28%
Orlík nad Vltavou 282
28%
Pohorská Ves 251
28%
Přední Výtoň 206
28%
Stachy 1 164
28%
Štěkeň 822
28%
Strážný 447
28%
Střelské Hoštice 907
28%
Albrechtice nad Vltavou 946
22%
Borek 1 603
22%
Borotín 709
22%
Boršov nad Vltavou 1 988
22%
Český Rudolec 919
22%
Chotoviny 1 783
22%
Choustník 484
22%
Číčenice 456
22%
Čkyně 1 616
22%
Deštná 763
22%
Horní Stropnice 1 509
22%
Kájov 1 870
22%
Katov 76
22%
Katovice 1 338
22%
Kestřany 735
22%
Košice 788
22%
Kostelní Vydří 156
22%
Lásenice 555
22%
Lužnice 418
22%
Olešná 135
22%
Olešnice 849
22%
Sedlice 1 242
22%
Sepekov 1 350
22%
Ševětín 1 408
22%
Slapy 504
22%
Stožec 200
22%
Temešvár 119
22%
Vlachovo Březí 1 711
22%
Vráž 325
22%
Zvíkov 100 | 263
22%
Zvíkovské Podhradí 203
22%
Babice 135
17%
Benešov nad Černou 1 480
17%
Besednice 823
17%
Borová Lada 268
17%
Bošilec 206
17%
Cehnice 493
17%
Číměř 712
17%
Cizkrajov 523
17%
Člunek 482
17%
Dobev 971
17%
Dobrá Voda u Českých Budějovic 2 656
17%
Dolní Bukovsko 1 765
17%
Frahelž 151
17%
Jarošov nad Nežárkou 1 088
17%
Jetětice 324
17%
Jistebnice 2 048
17%
Lhenice 2 127
17%
Oslov 340
17%
Pištín 652
17%
Podolí I 371
17%
Roudná 562
17%
Rožmitál na Šumavě 447
17%
Skalice 501
17%
Smilovy Hory 366
17%
Srubec 2 816
17%
Stádlec 572
17%
Střížov 221
17%
Strunkovice nad Blanicí 1 270
17%
Studená 2 285
17%
Tálín 165
17%
Úsilné 512
17%
Vlkov 41 | 166
17%
Volfířov 725
17%
Vráto 425
17%
Žár 352
17%
Žďár 106 | 263
17%
Želnava 116
17%
Adamov 979
11%
Balkova Lhota 149
11%
Bernartice 1 326
11%
Bohdalovice 307
11%
Bohumilice 329
11%
Bořetín 101
11%
Borkovice 233
11%
Borovnice 141
11%
Branice 306
11%
Branišov 263
11%
Brloh 1 091
11%
Budislav 369
11%
Budkov 94
11%
Buk 290
11%
Čejetice 920
11%
Čejkovice 388
11%
Cerhonice 150
11%
Červený Hrádek 206
11%
Chlumec 100
11%
Chobot 38
11%
Chotýčany 261
11%
Chvalšiny 1 224
11%
Dasný 345
11%
Dolní Pěna 396
11%
Doňov 84
11%
Doubravice 270 | 311
11%
Dráchov 230
11%
Dražíč 258
11%
Dražice 819
11%
Dříteň 1 697
11%
Dub 395
11%
Dubné 1 654
11%
Dynín 323
11%
Halámky 192
11%
Heřmaň 196 | 279
11%
Hlasivo 147
11%
Hlavatce 151 | 406
11%
Hořice na Šumavě 875
11%
Horní Pěna 590
11%
Hosín 898
11%
Hracholusky 496
11%
Hradce 108
11%
Jankov 383
11%
Jílovice 1 024
11%
Klec 168
11%
Klenovice 662
11%
Komárov 127
11%
Křenovice 175
11%
Libějovice 466
11%
Libín 423
11%
Lipovice 204
11%
Lnáře 700
11%
Lužice 37
11%
Malonty 1 382
11%
Mazelov 209
11%
Mažice 124
11%
Mirkovice 465
11%
Mladošovice 413
11%
Mnichov 234
11%
Modrá Hůrka 96
11%
Mokrý Lom 107
11%
Myslkovice 415
11%
Nadějkov 737
11%
Nasavrky 99
11%
Němčice 108 | 194
11%
Opařany 1 385
11%
Peč 496
11%
Písečné 480
11%
Pivkovice 87
11%
Pluhův Žďár 594
11%
Pojbuky 112
11%
Psárov 107
11%
Radhostice 151
11%
Ratiboř 176
11%
Ratibořské Hory 768
11%
Řípec 333
11%
Rodná 93
11%
Sedlečko u Soběslavě 173
11%
Skály 72 | 294
11%
Skopytce 165
11%
Škvořetice 319
11%
Smetanova Lhota 263
11%
Sousedovice 303
11%
Štěpánovice 943
11%
Strážkovice 500
11%
Stříbřec 437
11%
Střítež 430
11%
Střížovice 560
11%
Strunkovice nad Volyňkou 127
11%
Sudoměřice u Bechyně 777
11%
Sudoměřice u Tábora 298
11%
Svatý Jan nad Malší 602
11%
Tučapy 786
11%
Újezdec 67 | 86
11%
Velký Ratmírov 228
11%
Vesce 282
11%
Vlastiboř 325
11%
Vrábče 813
11%
Vydří 116
11%
Žabovřesky 424
11%
Záhoří 63 | 106 | 784
11%
Zahrádky 259
11%
Zálší 244
11%
Želeč 1 002
11%
Báňovice 109
6%
Bečice 76 | 107
6%
Bednárec 120
6%
Bednáreček 190
6%
Bělčice 983
6%
Běleč 199
6%
Bezdědovice 368
6%
Bílsko 202
6%
Blažejov 449
6%
Bohunice 51
6%
Bošice 341
6%
Boudy 204
6%
Božetice 353
6%
Bradáčov 47
6%
Bratronice 54
6%
Břehov 178
6%
Březí 65
6%
Březina 127
6%
Březnice 223
6%
Budeč 209
6%
Budíškovice 699
6%
Budyně 45
6%
Bujanov 581
6%
Bušanovice 268
6%
Buzice 168
6%
Čakov 303
6%
Čečelovice 193
6%
Čenkov u Bechyně 57
6%
Cep 190
6%
Čepřovice 202
6%
Černýšovice 82
6%
Čestice 910
6%
Chelčice 420
6%
Chlumany 340
6%
Chotěmice 115
6%
Chrášťany 733
6%
Chrášťovice 260
6%
Chrbonín 156
6%
Chroboly 570
6%
Chvalovice 159
6%
Chyšky 1 066
6%
Čížkrajice 259
6%
Čížová 1 278
6%
Dešná 595
6%
Dírná 410
6%
Dívčí Kopy 72
6%
Dlouhá Lhota 159
6%
Dobrohošť 46
6%
Dobronice u Bechyně 104
6%
Dobšice 121
6%
Dolní Hořice 839
6%
Dolní Hrachovice 133
6%
Dolní Novosedly 249
6%
Dolní Třebonín 1 348
6%
Dolní Žďár 151
6%
Domanín 386
6%
Doudleby 478
6%
Drachkov 195
6%
Drahonice 371
6%
Drahotěšice 335
6%
Drahov 151
6%
Dražičky 168
6%
Drážov 238
6%
Dřešín 322
6%
Drhovice 222
6%
Drhovle 576
6%
Droužetice 140
6%
Drslavice 93
6%
Drunče 52
6%
Dubičné 410
6%
Dunajovice 217
6%
Dvory 97
6%
Dvory nad Lužnicí 358
6%
Habří 109
6%
Hadravova Rosička 57
6%
Hajany 146
6%
Hájek 46
6%
Hamr 366
6%
Hartmanice 191
6%
Haškovcova Lhota 69
6%
Hatín 223
6%
Heřmaneč 88
6%
Hlincová Hora 439
6%
Hlupín 91
6%
Hodětín 99
6%
Hodonice 132
6%
Homole 1 621
6%
Horní Kněžeklady 106
6%
Horní Meziříčko 113
6%
Horní Němčice 75
6%
Horní Poříčí 299
6%
Horní Radouň 239
6%
Horní Skrýchov 192
6%
Horní Slatina 135
6%
Hornosín 80
6%
Horosedly 141
6%
Hoslovice 163
6%
Hospříz 423
6%
Hosty 157
6%
Hrachoviště 77
6%
Hranice 205
6%
Hrazany 275
6%
Hrejkovice 499
6%
Hříšice 339
6%
Hůry 615
6%
Hvozdec 132
6%
Jedlany 84
6%
Jickovice 126
6%
Jilem 126
6%
Jinín 211
6%
Jivno 375
6%
Kačlehy 106
6%
Kadov 377
6%
Kalenice 87
6%
Kamenná 304
6%
Kamenný Malíkov 71
6%
Kladruby 141
6%
Kluky 629
6%
Kocelovice 157
6%
Komařice 357
6%
Košín 90
6%
Kostelec nad Vltavou 396
6%
Kostelní Radouň 299
6%
Kovářov 1 465
6%
Kožlí 53
6%
Krajníčko 100
6%
Králova Lhota 201
6%
Kraselov 231
6%
Krašlovice 148
6%
Krátošice 104
6%
Kratušín 43
6%
Krejnice 75
6%
Křišťanov 88
6%
Křižanov 102
6%
Krtov 161
6%
Krty-Hradec 137
6%
Ktiš 488
6%
Kučeř 184
6%
Kuřimany 43
6%
Kváskovice 111
6%
Květov 114
6%
Kvítkovice 132
6%
Lažánky 101
6%
Lažany 53
6%
Lažiště 310
6%
Lčovice 149
6%
Libějice 126
6%
Libětice 84
6%
Libníč 529
6%
Lipí 656
6%
Litochovice 271
6%
Ločenice 738
6%
Lodhéřov 662
6%
Mačkov 297
6%
Mahouš 165
6%
Malenice 707
6%
Malovice 657
6%
Malšice 1 850
6%
Malšín 163
6%
Mečichov 279
6%
Měkynec 48
6%
Meziříčí 168
6%
Mezná 95
6%
Mičovice 371
6%
Milejovice 71
6%
Miloňovice 260
6%
Minice 31
6%
Mišovice 273
6%
Mlýny 128
6%
Mojné 274
6%
Mutěnice 243
6%
Mydlovary 307
6%
Myslín 93
6%
Myštice 271
6%
Nákří 210
6%
Nebahovy 600
6%
Nebřehovice 168
6%
Nedabyle 371
6%
Němětice 116
6%
Nemyšl 308
6%
Neplachov 355
6%
Nerestce 108
6%
Netřebice 466
6%
Nevězice 139
6%
Nicov 92
6%
Nihošovice 306
6%
Nišovice 239
6%
Nová Olešná 132
6%
Nová Ves nad Lužnicí 343
6%
Nová Ves u Chýnova 319
6%
Nová Ves u Mladé Vožice 189
6%
Nové Hutě 88
6%
Novosedly 346
6%
Novosedly nad Nežárkou 684
6%
Okrouhlá 61
6%
Okrouhlá Radouň 211
6%
Oldřichov 228
6%
Olešník 804
6%
Olšovice 57
6%
Omlenice 568
6%
Osek 135 | 655
6%
Ostrolovský Újezd 167
6%
Ostrovec 373
6%
Paračov 109
6%
Paseky 185
6%
Pěčnov 151
6%
Petříkov 286
6%
Pístina 129
6%
Plav 418
6%
Plavsko 452
6%
Pleše 175
6%
Pohnánec 57
6%
Pohnání 74
6%
Pohorovice 72
6%
Polná na Šumavě 219
6%
Polště 115
6%
Ponědraž 108
6%
Ponědrážka 80
6%
Popelín 500
6%
Pracejovice 327
6%
Přeborov 148
6%
Přechovice 129
6%
Předmíř 326
6%
Přední Zborovice 88
6%
Předotice 572
6%
Předslavice 261
6%
Přehořov 332
6%
Přeštěnice 280
6%
Přešťovice 490
6%
Příbraz 270
6%
Přídolí 684
6%
Přísečná 194
6%
Probulov 65
6%
Radějovice 43
6%
Radenín 506
6%
Radětice 222
6%
Radimovice u Tábora 62
6%
Radimovice u Želče 385
6%
Radkov 169
6%
Radomyšl 1 329
6%
Radošovice 181 | 655
6%
Rakovice 224
6%
Rapšach 646
6%
Rataje 200
6%
Řemíčov 88
6%
Řepeč 301
6%
Řepice 458
6%
Rodvínov 613
6%
Roseč 232
6%
Rosička 65
6%
Roudné 1 338
6%
Rovná 231
6%
Šebířov 346
6%
Skočice 240
6%
Skrýchov u Malšic 149
6%
Slabčice 358
6%
Slaník 159
6%
Slapsko 149
6%
Slavče 684
6%
Smržov 113
6%
Soběnov 384
6%
Srnín 324
6%
Staré Hobzí 543
6%
Štěchovice 207
6%
Stehlovice 95
6%
Stožice 381
6%
Strašice 188
6%
Šumavské Hoštice 426
6%
Svatá Maří 613
6%
Světce 132
6%
Světlík 236
6%
Sviny 340
6%
Svrabov 55
6%
Tchořovice 242
6%
Těšovice 320
6%
Třebějice 67
6%
Třebětice 337
6%
Třebohostice 321
6%
Třešovice 76
6%
Truskovice 208
6%
Turovec 281
6%
Tvrzice 124
6%
Úlehle 97
6%
Únice 65
6%
Ústrašice 391
6%
Uzenice 107
6%
Uzeničky 118
6%
Vacov 1 447
6%
Vacovice 51
6%
Varvažov 184
6%
Velká Turná 171
6%
Veselíčko 211
6%
Věžovatá Pláně 156
6%
Vícemil 86
6%
Vidov 607
6%
Vilice 136
6%
Višňová 88
6%
Vitějovice 511
6%
Vitín 459
6%
Vlastec 227
6%
Vlčetínec 43
6%
Vlčeves 110
6%
Vlksice 147
6%
Vodice 149
6%
Vojníkov 80
6%
Vrbice 63
6%
Vrcovice 183
6%
Všemyslice 1 143
6%
Záblatí 85 | 321
6%
Záboří 331 | 391
6%
Zábrdí 66
6%
Zadní Střítež 32
6%
Zahájí 485
6%
Zahorčice 58
6%
Zálezly 317
6%
Žárovná 117
6%
Závraty 51
6%
Zbelítov 348
6%
Zběšičky 162
6%
Zbytiny 338
6%
Zdíkov 1 710
6%
Žernovice 317
6%
Zhoř 307
6%
Zhoř u Mladé Vožice 100
6%
Zhoř u Tábora 160
6%
Žimutice 632
6%
Žíšov 248
6%
Zlukov 276
6%
Zubčice 425
6%
Županovice 59
6%
Zvěrotice 399
6%
Zvotoky 66
6%
Staré Hodějovice 1 371
0%
Strýčice 63
0%
Volenice 554
0%
No matching quizzes found
Score Distribution
Percent of People with Each Score
Percentile by Number Answered
Your Score History
You have not taken this quiz